Property makes London pricey (Record no. 72884)
[ view plain ]
| 000 -LEADER | |
|---|---|
| fixed length control field | 01004cam a2200205 4500 |
| 001 - CONTROL NUMBER | |
| control field | WB3923-10 |
| 008 - FIXED-LENGTH DATA ELEMENTS--GENERAL INFORMATION | |
| fixed length control field | 030618n2003 000 0 eng u |
| 035 ## - SYSTEM CONTROL NUMBER | |
| System control number | (Sirsi) u122658 |
| 245 ## - TITLE STATEMENT | |
| Title | Property makes London pricey |
| 260 ## - PUBLICATION, DISTRIBUTION, ETC. | |
| Date of publication, distribution, etc. | 2003 |
| 490 ## - SERIES STATEMENT | |
| Series statement | Mercer Human Resources Press Release |
| Volume/sequential designation | 11 June 2003 (2) |
| 520 ## - SUMMARY, ETC. | |
| Summary, etc. | The cost of property in London has made the capital the 7th most expensive place to live in the world, according to Mercer Human Resources "World-wide cost of living survey 2003". Other European cities had risen within the rankings due to the strength of the euro. The survey, which covers 144 cities, compares the comparative cost of over 200 items, including housing, transportation, entertainment, food, clothing and household goods. http://www.mercerhr.com/pressrelease/details.jhtml/dynamic/idContent/1096495 |
| 590 ## - LOCAL NOTE (RLIN) | |
| Local note | WB |
| 650 ## - SUBJECT ADDED ENTRY--TOPICAL TERM | |
| Topical term or geographic name entry element | COST OF LIVING |
| 650 ## - SUBJECT ADDED ENTRY--TOPICAL TERM | |
| Topical term or geographic name entry element | HOUSING COSTS |
| 650 ## - SUBJECT ADDED ENTRY--TOPICAL TERM | |
| Topical term or geographic name entry element | HOUSE PRICES |
| 650 ## - SUBJECT ADDED ENTRY--TOPICAL TERM | |
| Topical term or geographic name entry element | LONDON |
| 690 ## - LOCAL SUBJECT ADDED ENTRY--TOPICAL TERM (OCLC, RLIN) | |
| Topical term or geographic name as entry element | HOUSING |
| 942 ## - ADDED ENTRY ELEMENTS (KOHA) | |
| Suppress in OPAC | 0 |
| Withdrawn status | Lost status | Source of classification or shelving scheme | Damaged status | Not for loan | Home library | Current library | Shelving location | Date acquired | Total Checkouts | Full call number | Barcode | Date last seen | Copy number | Price effective from | Koha item type |
|---|---|---|---|---|---|---|---|---|---|---|---|---|---|---|---|
| Dewey Decimal Classification | London | London | News article | 18/06/2003 | WB3923-10 | 122658-1001 | 06/08/2019 | 1 | 06/08/2019 | News article |